| Tag |
First Indicator |
Second Indicator |
Subfields |
| LEADER |
00000cam a2200000 4500 |
| 001 |
in00000720992 |
| 005 |
20151016055643.0 |
| 008 |
760921s1965 enk b 00000 eng d |
| 035 |
|
|
|a (OCoLC)02455806
|
| 035 |
|
|
|9 ADC7866AM
|
| 040 |
|
|
|a CIN
|c CIN
|d TXA
|d UtOrBLW
|
| 049 |
|
|
|a TXAM
|c [467050]
|
| 090 |
|
|
|a PQ648
|b .M9
|
| 092 |
|
|
|a 843.09
|b M997e
|
| 100 |
1 |
|
|a Mylne, Vivienne.
|
| 245 |
1 |
4 |
|a The eighteenth-century French novel ;
|b techniques of illusion.
|
| 264 |
|
1 |
|a Manchester :
|b Manchester University Press,
|c [1965]
|
| 300 |
|
|
|a viii, 280 pages ;
|c 23 cm.
|
| 336 |
|
|
|a text
|b txt
|2 rdacontent
|
| 337 |
|
|
|a unmediated
|b n
|2 rdamedia
|
| 338 |
|
|
|a volume
|b nc
|2 rdacarrier
|
| 504 |
|
|
|a Bibliography: pages 272-276.
|
| 650 |
|
0 |
|a French fiction
|y 18th century
|x History and criticism.
|
| 999 |
|
|
|a MARS
|
| 999 |
f |
f |
|s 90730578-995a-3b1b-a6b7-8e410dc89b5e
|i 2e9c356b-cc15-38fe-bd39-f2f19632a080
|t 0
|
| 952 |
f |
f |
|p normal
|a Texas A&M University
|b College Station
|c Sterling C. Evans Library
|d Evans: Library Stacks
|t 0
|e PQ648 .M9
|h Library of Congress classification
|i unmediated -- volume
|m A14801373908
|
| 998 |
f |
f |
|a PQ648 .M9
|t 0
|l Evans: Library Stacks
|